000 00211nam a22001097a 4500
040 _cSK
082 _a338
100 _aNA
245 _aSoild waste management and disposal
260 _aNA
_bNA
_cNA
942 _cEK
999 _c10339
_d10339